Malá encyklopédia matematiky

Salvato in:
Dettagli Bibliografici
Natura: Libro
Lingua:slovacco
Pubblicazione: Bratislava Obzor 1981
Edizione:3. vyd.
Tags: Aggiungi Tag
Nessun Tag, puoi essere il primo ad aggiungerne!!

MARC

LEADER 00000nam a2200000 4500
001 c119109
005 20260327072904.0
041 0 |a slo 
044 |a SK 
245 1 0 |a Malá encyklopédia matematiky 
250 |a 3. vyd. 
264 1 |a Bratislava  |b Obzor  |c 1981 
300 |a 853 s.